000 00538nam a2200193Ia 4500
005 20250508152916.0
008 008 250505s9999 xx 000 0 eng d
037 _aTextual
040 _aFEDL
_beng
_cFEDL
041 _aeng
_2eng
084 _a372.89, KEL
_qFEDL
100 _aKelly Thomas
245 0 _aMay flower histories
260 _aLondon, UK
_bW. and R. Chambers Ltd
_c1957
300 _a207p.
546 _aJunior book 4th heroes of modern times
942 _cTEXL
_h372.89, KEL
999 _c1339548
_d1339548